| 000 | 00445nam a2200181Ia 4500 | ||
|---|---|---|---|
| 005 | 20250326142654.0 | ||
| 008 | 250326s9999 xx 000 0 und d | ||
| 037 | _aTextbook | ||
| 040 |
_aFMSL _beng _cFMSL |
||
| 041 |
_aeng _2eng |
||
| 084 |
_aY M1 _qFMSL |
||
| 100 |
_aRex J _9736591 |
||
| 245 | 0 |
_aSocial conflict _cRex J |
|
| 260 |
_aNY _bNY, Longman _c1981 |
||
| 300 | _a146p | ||
| 942 |
_cTB _hY M1 |
||
| 999 |
_c1296117 _d1296117 |
||